LEADER 01034nas 2200373 c 450 001 9910143361003321 005 20260218110938.0 035 $a(DE-599)ZDB2160726-6 035 $a(OCoLC)1368086496 035 $a(DE-101)026446464 035 $a(CKB)1000000000532504 035 $a(DE-599)2160726-6 035 $a(EXLCZ)991000000000532504 100 $a20040914a20019999 |y | 101 0 $aeng 135 $aur||||||||||| 181 $ctxt$2rdacontent 182 $cc$2rdamedia 183 $acr$2rdacarrier 200 00$aJournal of research for educational leaders$eJREL$fCollege of Education, University of Iowa 210 31$aIowa City, IA$cUniv.$d2001- 215 $aOnline-Ressource 300 $aGesehen am 23.01.15 517 3 $aJREL 608 $aZeitschrift$2gnd-content 676 $a370 686 $a5,3$2ssgn 801 0$b0355 801 1$bDE-101 801 2$b9999 906 $aJOURNAL 912 $a9910143361003321 996 $aJournal of research for educational leaders$94438948 997 $aUNINA